UBT Library

Women in the Western heritage / (Record no. 39101)

000 -LEADER
fixed length control field 00727cam a2200253 a 4500
001 - CONTROL NUMBER
control field 3017738
005 - DATE AND TIME OF LATEST TRANSACTION
control field 20171218082527.0
008 - FIXED-LENGTH DATA ELEMENTS--GENERAL INFORMATION
fixed length control field 940817s1995 ctua b 001 0 eng d
010 ## - LIBRARY OF CONGRESS CONTROL NUMBER
LC control number 94070577
020 ## - INTERNATIONAL STANDARD BOOK NUMBER
International Standard Book Number 1561342459
035 ## - SYSTEM CONTROL NUMBER
System control number (OCoLC)32280962
040 ## - CATALOGING SOURCE
Original cataloging agency ABAU
Transcribing agency ABAU
Modifying agency DLC
041 ## - LANGUAGE CODE
Language code of text/sound track or separate title eng
042 ## - AUTHENTICATION CODE
Authentication code lccopycat
080 ## - UNIVERSAL DECIMAL CLASSIFICATION NUMBER
Universal Decimal Classification number 305.409
082 00 - DEWEY DECIMAL CLASSIFICATION NUMBER
Classification number 305.409 HAR
Edition number 20
100 1# - Rafti
Rafti 16
101 ## - Shkurtesa
Shkurtesa HIS
245 10 - TITLE STATEMENT
Title Women in the Western heritage /
Statement of responsibility, etc Helga H. Harriman.
504 ## - BIBLIOGRAPHY, ETC. NOTE
Bibliography, etc Includes bibliographical references (p. 377-387) and index.
906 ## - LOCAL DATA ELEMENT F, LDF (RLIN)
a 7
b cbc
c copycat
d 2
e opcn
f 19
g y-gencatlg
942 ## - ADDED ENTRY ELEMENTS (KOHA)
Source of classification or shelving scheme
Item type Books
Holdings
Withdrawn status Lost status Source of classification or shelving scheme Damaged status Not for loan Collection code Permanent location Current location Shelving location Date acquired Total Checkouts Full call number Barcode Date last seen Price effective from Koha item type
          Koleksioni i përgjithshem UBT - Lipjan UBT - Lipjan Koleksioni i përgjithshem 12/18/2017   305.409 HAR 002-2939630 12/18/2017 12/18/2017 Books
UBT Library © 2015-2024. All rights reserved University Education for Business and Technology